Nomi dei calciatori - Quiz n°37 - Statistics

Statistiche generali
  • Questo quiz è stato fatto 42 volte
  • Il punteggio medio è 9 su 10
Statistiche sulle risposte
Hint Risposta % Corretto
Eriksen Christian
100%
de Ligt Matthijs
100%
Maignan Mike
100%
Anguissa André-Frank
92%
Pickford Jordan
84%
Trapp Kevin
84%
Zalewski Nicola
84%
Fellaini Marouane
78%
Da Costa Angelo
73%
Scaloni Lionel
57%
Nessun quiz corrispondente trovato
Distribuzione punteggi
Percentuale di utenti per punteggio
Percentile per numero di risposta
I tuoi punteggi nel tempo
Non hai fatto questo quiz